[Event "Women's Speed Chess Q8"]
[Site "chess.com INT"]
[Date "2021.06.06"]
[Round "1"]
[White "Arpita, Mukherjee"]
[Black "Maltsevskaya, Aleksandra"]
[Result "1-0"]
[WhiteTitle "WIM"]
[BlackTitle "WGM"]
[WhiteElo "2206"]
[BlackElo "2390"]
[WhiteFideId "5056403"]
[BlackFideId "24174041"]
[EventDate "2021.06.06"]

1. e4 c6 2. d4 d5 3. e5 Bf5 4. Nf3 e6 5. Be2 c5 6. Be3 Nc6 7. O-O cxd4 8. Nxd4
Nge7 9. Bb5 a6 10. Bxc6+ Nxc6 11. Nxf5 exf5 12. f4 Qa5 13. c3 Bc5 14. Bxc5 Qxc5+
15. Kh1 O-O 16. Nd2 Rad8 17. Nb3 Qb6 18. Qd3 g6 19. Rad1 Rd7 20. Nd4 Qxb2 21. e6
fxe6 22. Nxe6 Re8 23. Nc5 Rdd8 24. Rb1 Qe2 25. Qxe2 Rxe2 26. Rxb7 Rxa2 27. Rc7
Na5 28. Re1 Nc4 29. h4 Nd6 30. Ree7 Ne8 31. Ra7 Rc8 32. Nd7 Ra4 33. Nb6 Ra1+ 34.
Kh2 Rd8 35. Nd7 Ra4 36. Ne5 Rxf4 37. Nf7 Rb8 38. Nh6+ Kf8 39. Rf7# 1-0

[Event "Women's Speed Chess Q8"]
[Site "chess.com INT"]
[Date "2021.06.06"]
[Round "1"]
[White "Buksa, Nataliya"]
[Black "Sviridova, Vlada"]
[Result "1-0"]
[WhiteTitle "IM"]
[BlackTitle "WFM"]
[WhiteElo "2413"]
[BlackElo "2144"]
[WhiteFideId "14123622"]
[BlackFideId "24109606"]
[EventDate "2021.06.06"]

1. e4 e6 2. d4 d5 3. Nd2 c5 4. Ngf3 cxd4 5. Nxd4 Nc6 6. Bb5 Bd7 7. Nxc6 bxc6 8.
Bd3 Bd6 9. O-O Ne7 10. Qe2 O-O 11. Re1 Ng6 12. Nf3 a5 13. e5 Bc7 14. Bd2 c5 15.
c4 Bc6 16. Rad1 d4 17. Be4 Bxe4 18. Qxe4 Qd7 19. h4 h6 20. b3 Ne7 21. Bc1 Qc6
22. Qg4 Nf5 23. Rd3 a4 24. Qf4 axb3 25. axb3 f6 26. Qg4 fxe5 27. Nxe5 Bxe5 28.
Rxe5 Ra1 29. Rd1 Kh7 30. h5 Rf6 31. Ree1 Rb1 32. Qh3 Qd7 33. Bf4 Rxd1 34. Rxd1
Ne7 35. Be5 Rf5 36. Qg3 Nc6 37. Bd6 Qf7 38. Qd3 e5 39. g4 e4 40. Qxe4 Ne7 41.
Bxe7 Kh8 42. Qxf5 Qxe7 43. Kg2 Qe2 44. Qf3 Qe5 45. Ra1 Kh7 46. Qf5+ Qxf5 47.
gxf5 1-0

[Event "Women's Speed Chess Q8"]
[Site "chess.com INT"]
[Date "2021.06.06"]
[Round "1"]
[White "Torres Hernandez, Leslie Carolin"]
[Black "Kulon, Klaudia"]
[Result "0-1"]
[WhiteTitle "WFM"]
[BlackTitle "IM"]
[WhiteElo "1884"]
[BlackElo "2363"]
[WhiteFideId "8400504"]
[BlackFideId "1131044"]
[EventDate "2021.06.06"]

1. e4 e5 2. Nf3 Nc6 3. Bc4 Nf6 4. d3 h6 5. O-O d6 6. c3 g6 7. Be3 Bg7 8. Nbd2
Ng4 9. b4 O-O 10. h3 Nxe3 11. fxe3 Kh7 12. Qe1 Ne7 13. Qh4 Kg8 14. Nh2 c6 15.
Ng4 d5 16. exd5 cxd5 17. Bb3 Bxg4 18. hxg4 Rc8 19. c4 Qd6 20. c5 Qd7 21. Rad1 g5
22. Qh3 Ng6 23. Qf3 Rcd8 24. g3 Kh8 25. e4 dxe4 26. Nxe4 Qd4+ 27. Kg2 Qxb4 28.
Nd6 f6 29. Nf7+ Rxf7 30. Bxf7 Ne7 31. Bc4 Nc6 32. Rb1 Qxc5 33. Rxb7 Nd4 34. Qe4
Nc2 35. Rf3 Nd4 36. Qg6 Qf8 37. Rf7 Qg8 38. R3xf6 Qh7 39. Qxh7+ Kxh7 40. Ra6 Kh8
41. Raxa7 Rg8 42. Rfd7 Rb8 43. Rxg7 Rb2+ 44. Kf1 Rb1+ 45. Kf2 Rb2+ 46. Ke3 Re2# 0-1

[Event "Women's Speed Chess Q8"]
[Site "chess.com INT"]
[Date "2021.06.06"]
[Round "1"]
[White "Gevorgyan, Maria"]
[Black "Yu, Jennifer"]
[Result "0-1"]
[WhiteTitle "WGM"]
[BlackTitle "FM"]
[WhiteElo "2219"]
[BlackElo "2316"]
[WhiteFideId "13300270"]
[BlackFideId "2078341"]
[EventDate "2021.06.06"]

1. e4 e5 2. Nf3 Nc6 3. Bc4 Bc5 4. d3 Nf6 5. c3 d6 6. Bb3 h6 7. O-O O-O 8. Nbd2
a5 9. h3 b5 10. Re1 a4 11. Bc2 d5 12. Qe2 d4 13. Nf1 Be6 14. Ng3 a3 15. b4 Bb6
16. Bd2 Qe7 17. Nh4 dxc3 18. Ngf5 Qd7 19. Bxh6 Bxf5 20. Nxf5 gxh6 21. Qf3 Kh7
22. Nxh6 Qe6 23. Bb3 Nd4 24. Qg3 Nxb3 25. Nf5 Nh5 26. Qh4 Qg6 27. axb3 Rg8 28.
g4 Rae8 29. Kh1 Re6 30. Rg1 Qg5 31. gxh5 Qxh4 32. Nxh4 Bxf2 33. Rxg8 Kxg8 34.
Nf5 c2 35. Kg2 Rc6 36. Ne7+ Kf8 37. Nxc6 Be3 38. Nxe5 c1=Q 39. Rxc1 Bxc1 40. d4
a2 41. Nd7+ Ke7 42. Nc5 a1=Q 43. Nd3 Qa2+ 44. Nf2 Be3 45. Kf3 Qxf2+ 46. Kg4 Qf4# 0-1

[Event "Women's Speed Chess Q8"]
[Site "chess.com INT"]
[Date "2021.06.06"]
[Round "1"]
[White "Babiy, Olga"]
[Black "Mohota, Nisha"]
[Result "1-0"]
[WhiteTitle "WGM"]
[BlackTitle "IM"]
[WhiteElo "2280"]
[BlackElo "2195"]
[WhiteFideId "14117258"]
[BlackFideId "5004330"]
[EventDate "2021.06.06"]

1. d4 f5 2. Qd3 d5 3. Nf3 Nf6 4. c4 e6 5. Bf4 Bb4+ 6. Nc3 Ne4 7. Bd2 O-O 8. g3
Nxd2 9. Nxd2 Nc6 10. e3 dxc4 11. Qxc4 Bxc3 12. bxc3 Qd5 13. Qxd5 exd5 14. Rb1 b6
15. Bg2 Ne7 16. Nf3 Ba6 17. Ne5 c5 18. Kd2 Rac8 19. Rb2 Rfd8 20. a4 Nc6 21. Nxc6
Rxc6 22. Rc1 Bc4 23. h4 Kf7 24. Ra1 Re8 25. h5 cxd4 26. cxd4 Rec8 27. Rc1 g6 28.
hxg6+ hxg6 29. Rxc4 dxc4 30. Bxc6 Rxc6 31. Kc3 Ke6 32. Rb5 Kd6 33. g4 a6 34. Re5
fxg4 35. Rg5 Kc7 36. Rxg4 b5 37. axb5 axb5 38. Rg5 b4+ 39. Kxb4 c3 40. Rg1 c2
41. Rc1 Kd6 42. Kb3 Kd5 43. Rxc2 Rb6+ 44. Kc3 Ke4 45. Rd2 g5 46. d5 Rd6 47. Kc4
g4 48. Kc5 Rd8 49. Rd4+ Kf3 50. Rf4+ Ke2 51. d6 g3 52. fxg3 Kxe3 53. Kc6 Rh8 54.
d7 Rh6+ 55. Kc7 Rh7 56. Kc8 Rh8+ 57. d8=Q Rxd8+ 58. Kxd8 Ke2 59. Ke7 Ke3 60. Ke6
Ke2 61. Ke5 Kd2 62. g4 Ke1 63. g5 Ke2 64. g6 Ke1 65. g7 Kd2 66. g8=Q Kc3 67.
Qc8+ Kd3 68. Rd4+ Ke2 69. Qc2+ Ke1 70. Rd1# 1-0

[Event "Women's Speed Chess Q8"]
[Site "chess.com INT"]
[Date "2021.06.06"]
[Round "1"]
[White "Nemcova, Katerina"]
[Black "Bulmaga, Irina"]
[Result "1-0"]
[WhiteTitle "WGM"]
[BlackTitle "IM"]
[WhiteElo "2331"]
[BlackElo "2440"]
[WhiteFideId "322750"]
[BlackFideId "13903063"]
[EventDate "2021.06.06"]

1. e4 c5 2. Nf3 d6 3. d4 cxd4 4. Qxd4 Nf6 5. Nc3 a6 6. Bg5 Nc6 7. Qd2 e6 8. Be2
Be7 9. O-O O-O 10. Rad1 b5 11. Bxf6 gxf6 12. Nd4 Bb7 13. Qe3 Kh8 14. f4 Qb6 15.
Kh1 Nxd4 16. Rxd4 b4 17. Na4 Qa5 18. b3 Bc6 19. Bc4 Bxa4 20. bxa4 Qxa4 21. Qe2
Qc6 22. Bb3 a5 23. Rd3 a4 24. Rh3 Rg8 25. Bc4 Rac8 26. Bd3 b3 27. axb3 axb3 28.
cxb3 Rg7 29. Rg1 Qb6 30. Rf1 Rcg8 31. f5 Rxg2 32. Qxg2 Rxg2 33. Kxg2 Qxb3 34.
Rf4 Qb2+ 35. Kf3 Bf8 36. Rfh4 h6 37. Rg3 Qd4 38. Ke2 Qb2+ 39. Kf3 Qd2 40. Kg4 d5
41. Kh3 dxe4 42. Bxe4 Bd6 43. Rg2 Qe3+ 44. Rg3 Qf2 45. Rxh6# 1-0

[Event "Women's Speed Chess Q8"]
[Site "chess.com INT"]
[Date "2021.06.06"]
[Round "1"]
[White "Obregon Garcia, Roxangel"]
[Black "Linares Napoles, Oleiny"]
[Result "1-0"]
[WhiteTitle "WIM"]
[BlackTitle "WGM"]
[WhiteElo "2167"]
[BlackElo "2255"]
[WhiteFideId "3520420"]
[BlackFideId "3504794"]
[EventDate "2021.06.06"]

1. e4 d6 2. d4 g6 3. Nc3 Bg7 4. h3 a6 5. a4 b6 6. g4 Bb7 7. Bg2 Nd7 8. Be3 Rc8
9. Nge2 h5 10. g5 e6 11. Qd2 Ne7 12. f4 d5 13. O-O O-O 14. f5 exf5 15. exf5 gxf5
16. Nf4 Re8 17. Nxh5 Ng6 18. Nf4 Ndf8 19. Nfxd5 Bxd5 20. Nxd5 f4 21. Bxf4 Nd7
22. Rae1 Rxe1 23. Rxe1 c6 24. Nc3 Ndf8 25. Be3 Ne6 26. Ne4 Qe7 27. Rf1 Kh8 28.
Qf2 Rc7 29. Nf6 Qd8 30. Be4 Bxf6 31. gxf6 Nef8 32. Bh6 Qd6 33. Bg7+ Kg8 34. Bxf8
Kxf8 35. c3 c5 36. d5 Qe5 37. Qf3 Rd7 38. Qg4 Rd8 39. Bxg6 fxg6 40. Qxg6 Rd7 41.
Qh6+ Ke8 42. Qh8+ Kf7 43. Qg7+ Ke8 44. f7+ Rxf7 45. Qxe5+ Kd8 46. Rxf7 1-0

[Event "Women's Speed Chess Q8"]
[Site "chess.com INT"]
[Date "2021.06.06"]
[Round "1"]
[White "Szente Varga, Fruzsina"]
[Black "Vo, Thi Kim Phung"]
[Result "1-0"]
[WhiteTitle "WFM"]
[BlackTitle "WGM"]
[WhiteElo "2100"]
[BlackElo "2335"]
[WhiteFideId "712264"]
[BlackFideId "12401838"]
[EventDate "2021.06.06"]

1. e4 e6 2. d4 d5 3. Nc3 Nf6 4. exd5 exd5 5. Be3 Bd6 6. Qd2 O-O 7. O-O-O Bf5 8.
Bg5 c6 9. f3 Nbd7 10. g4 Bg6 11. h4 h6 12. Be3 b5 13. h5 Bh7 14. g5 hxg5 15.
Bxg5 Qc7 16. Bd3 Bxd3 17. Qxd3 Bf4+ 18. Bxf4 Qxf4+ 19. Kb1 Rfe8 20. Nge2 Qh6 21.
Ng3 Qe3 22. Qf5 Qe6 23. Qg5 Nh7 24. Qh4 Qf6 25. Qg4 Ndf8 26. Rdg1 Qg5 27. Qh3
Ne6 28. Nf5 Qf6 29. Nxg7 Nxg7 30. h6 Ng5 31. Qg4 N7e6 32. f4 Qxf4 33. Qxf4 Nxf4
34. Rxg5+ Ng6 35. a3 Re6 36. Nd1 Rae8 37. Nf2 Kh7 38. Ng4 Re1+ 39. Rxe1 Rxe1+
40. Ka2 Re2 41. c3 a5 42. Rf5 Re7 43. Nf6+ Kh8 44. Ng4 Kh7 45. Rf6 a4 46. Rxc6
Re2 47. Nf6+ Kxh6 48. Nxd5 f5 49. Rxg6+ Kxg6 50. Nf4+ Kf6 51. Nxe2 Ke6 52. b3
Kd5 53. bxa4 bxa4 54. Kb2 Ke4 55. Ng3+ Kf4 56. Nxf5 Kxf5 57. c4 Ke4 58. Kc3 Kf5
59. c5 1-0

[Event "Women's Speed Chess Q8"]
[Site "chess.com INT"]
[Date "2021.06.06"]
[Round "1"]
[White "Klinova, Masha"]
[Black "Cyfka, Karina"]
[Result "0-1"]
[WhiteTitle "IM"]
[BlackTitle "IM"]
[WhiteElo "2275"]
[BlackElo "2417"]
[WhiteFideId "2802015"]
[BlackFideId "1122681"]
[EventDate "2021.06.06"]

1. e4 e5 2. Nf3 Nc6 3. Bc4 Nf6 4. d3 h6 5. Bb3 d6 6. O-O g5 7. c3 Bg7 8. Nfd2
O-O 9. Nc4 d5 10. exd5 Nxd5 11. Nbd2 Nf4 12. Nf3 Bg4 13. h3 Bh5 14. Bxf4 gxf4
15. Qe2 Qf6 16. Ncd2 Rad8 17. Ne4 Qe7 18. Rfe1 Kh8 19. Rad1 Nb8 20. d4 exd4 21.
cxd4 Nc6 22. Nc3 Qxe2 23. Nxe2 Bxf3 24. gxf3 Bxd4 25. Nxf4 Bxb2 26. Nd5 Nd4 27.
Rd3 Rg8+ 28. Kf1 c6 29. Ne7 Rgf8 30. Bc4 b5 31. Bb3 a5 32. Rb1 Ba3 33. Rbd1 c5
34. Nf5 Bb2 35. R1d2 c4 36. Nxd4 cxd3 37. Nxb5 Bc1 38. Rd1 d2 39. Nc3 Rc8 40.
Ne4 Rfd8 41. Bxf7 Rf8 42. Bh5 Rcd8 43. Ke2 Rf5 44. Bg4 Re5 45. Ke3 h5 46. f4
Rxe4+ 47. Kxe4 hxg4 48. hxg4 Re8+ 49. Kd3 Re1 50. Kc2 Kg7 51. f5 Kf6 52. f4 a4
53. a3 Re4 54. Rh1 Rxf4 55. Rh6+ Kg5 56. Rg6+ Kh4 57. f6 Rxg4 58. Rxg4+ Kxg4 59.
f7 Bxa3 60. Kxd2 Kf5 61. Kc3 Ke6 62. Kc4 Bf8 63. Kc3 a3 64. Kb3 Kxf7 65. Ka2 Ke6
66. Kb3 Kd5 67. Ka2 Kc4 68. Kb1 Kb3 69. Ka1 Bg7+ 70. Kb1 a2+ 0-1

[Event "Women's Speed Chess Q8"]
[Site "chess.com INT"]
[Date "2021.06.06"]
[Round "1"]
[White "Bivol, Alina"]
[Black "Zaksaite, Salomeja"]
[Result "1-0"]
[WhiteTitle "WGM"]
[BlackTitle "WIM"]
[WhiteElo "2374"]
[BlackElo "2202"]
[WhiteFideId "4100123"]
[BlackFideId "12801496"]
[EventDate "2021.06.06"]

1. e4 c5 2. Nf3 e6 3. c3 Nf6 4. e5 Nd5 5. d4 cxd4 6. cxd4 d6 7. Nc3 Nxc3 8. bxc3
Qc7 9. Bd2 Nd7 10. exd6 Bxd6 11. Bd3 b6 12. O-O Bb7 13. h3 Bf4 14. Bxf4 Qxf4 15.
Qd2 Qxd2 16. Nxd2 Rc8 17. c4 O-O 18. Rac1 Rfd8 19. Rfd1 Nc5 20. dxc5 Rxd3 21.
Nb3 Rxd1+ 22. Rxd1 g6 23. Rd7 Bc6 24. Rxa7 bxc5 25. f3 Be8 26. Ra5 Kf8 27. Rxc5
Ra8 28. Ra5 Rc8 29. c5 Ke7 30. Ra7+ Kf6 31. Kf2 Bc6 32. Ke3 Bd5 33. Kd4 Rb8 34.
Kc3 Rc8 35. Ra5 Ke5 36. Nd2 Rb8 37. Nc4+ Bxc4 38. Kxc4 Rb2 39. Ra7 f5 40. a4
Rxg2 41. Rxh7 Rc2+ 42. Kb5 Kd5 43. Rd7+ Ke5 44. c6 Kf4 45. a5 Kxf3 46. a6 e5 47.
a7 Ra2 48. c7 Rxa7 49. c8=Q Rxd7 50. Qxd7 e4 51. Qg7 f4 52. Qxg6 e3 53. Qg4+ Ke4
54. h4 1-0

[Event "Women's Speed Chess Q8"]
[Site "chess.com INT"]
[Date "2021.06.06"]
[Round "1"]
[White "Doluhanova, Evgeniya"]
[Black "Ambartsumova, Karina"]
[Result "0-1"]
[WhiteTitle "WGM"]
[BlackTitle "IM"]
[WhiteElo "2192"]
[BlackElo "2382"]
[WhiteFideId "14112035"]
[BlackFideId "4166299"]
[EventDate "2021.06.06"]

1. e4 c5 2. Nf3 e6 3. c4 a6 4. Nc3 Nc6 5. d4 cxd4 6. Nxd4 Qc7 7. Be3 Nf6 8. a3
d6 9. Rc1 Ne5 10. b4 Be7 11. Be2 O-O 12. f4 Ng6 13. O-O e5 14. Nd5 Nxd5 15. cxd5
Qd8 16. Nf5 Bxf5 17. exf5 Nxf4 18. Bxf4 exf4 19. Rc4 Bg5 20. Bd3 Qf6 21. Qg4
Rac8 22. Re4 Rfe8 23. h4 Bh6 24. Rfe1 Rxe4 25. Rxe4 b5 26. Kh2 Rf8 27. Be2 g6
28. fxg6 hxg6 29. h5 Bg5 30. hxg6 Qxg6 31. Bf3 Kg7 32. Kg1 Qf6 33. Re1 Rh8 34.
g3 fxg3 35. Qxg3 Qf4 36. Qxf4 Bxf4 37. Re4 Be5 38. Kg2 Rc8 39. Rg4+ Kf6 40. Be4
Rc3 41. Rh4 Rxa3 42. Rh6+ Ke7 43. Rh7 Ra2+ 44. Kf3 Kf6 45. Rh6+ Kg7 46. Rh7+ Kg8
47. Rh1 Ra3+ 48. Kg4 Rb3 49. Rb1 Re3 0-1

[Event "Women's Speed Chess Q8"]
[Site "chess.com INT"]
[Date "2021.06.06"]
[Round "1"]
[White "Pourkashiyan, Atousa"]
[Black "Antonova, Nadezhda"]
[Result "1-0"]
[WhiteTitle "WGM"]
[BlackTitle "WFM"]
[WhiteElo "2322"]
[BlackElo "1877"]
[WhiteFideId "12502014"]
[BlackFideId "14700182"]
[EventDate "2021.06.06"]

1. e4 d6 2. d4 Nf6 3. Nc3 e5 4. Nf3 Nbd7 5. Bc4 Be7 6. O-O O-O 7. Re1 c6 8. a4
b6 9. h3 a6 10. Ba2 Bb7 11. Be3 b5 12. axb5 axb5 13. b4 Qc7 14. Qe2 Nb6 15. Bb3
h6 16. Rad1 Na4 17. Bd2 Rfe8 18. Nh4 Bf8 19. d5 Nxc3 20. Bxc3 cxd5 21. Bd2 Nxe4
22. Nf5 Nxd2 23. Rxd2 d4 24. Qg4 Kh7 25. Ng3 g6 26. f4 f5 27. Qd1 Bg7 28. Ne2
Qc6 29. Nc1 e4 30. Rxd4 Bxd4+ 31. Qxd4 Rac8 32. Ne2 Re7 33. Rd1 Rd8 34. Ng3 d5
35. Nf1 Rb8 36. Ne3 Ba8 37. Bxd5 Qb6 38. Qxb6 Rxb6 39. Bxa8 Ra7 40. Bd5 Rd6 41.
Bb3 Rad7 42. Ra1 Rd2 43. Nf1 R2d6 44. Kf2 Rc7 45. Ke2 g5 46. fxg5 hxg5 47. Ra5
Rb7 48. Ra8 Kg7 49. Ne3 f4 50. Nf5+ Kf6 51. Nxd6 Rd7 52. Nxe4+ Ke5 53. Nd2 Kd4
54. Nf3+ Kc3 55. Re8 Rg7 56. Re5 g4 57. hxg4 1-0

[Event "Women's Speed Chess Q8"]
[Site "chess.com INT"]
[Date "2021.06.06"]
[Round "1"]
[White "Arabidze, Meri"]
[Black "Nandhidhaa, P V"]
[Result "1-0"]
[WhiteTitle "IM"]
[BlackTitle "WGM"]
[WhiteElo "2432"]
[BlackElo "2365"]
[WhiteFideId "13604040"]
[BlackFideId "5050847"]
[EventDate "2021.06.06"]

1. Nf3 c5 2. g3 Nc6 3. Bg2 e5 4. c4 d6 5. O-O g6 6. d3 Bg7 7. Nc3 Nge7 8. Bg5
O-O 9. Qd2 Be6 10. Bh6 Nf5 11. Bxg7 Kxg7 12. e3 h6 13. b3 Rc8 14. Rad1 Qd7 15.
Qb2 Rfd8 16. Ne2 Kg8 17. Rfe1 Qc7 18. Qb1 Nfe7 19. d4 cxd4 20. exd4 Bf5 21. Qc1
Kg7 22. Nh4 Bg4 23. f3 Bf5 24. d5 Nb4 25. Nxf5+ Nxf5 26. Qd2 Qb6+ 27. Kh1 Ne3
28. Rc1 Nxg2 29. Kxg2 Na6 30. Nc3 Nc5 31. f4 exf4 32. gxf4 Re8 33. f5 Qc7 34.
f6+ Kh7 35. h3 Qd7 36. Rf1 Re5 37. Rce1 Rce8 38. Kh2 Qd8 39. Nb5 Rxe1 40. Rxe1
Rxe1 41. Qxe1 Qxf6 42. Nxa7 Nd3 43. Qg3 Ne5 44. Nb5 h5 45. a4 h4 46. Qe3 Qf5 47.
Nxd6 Qc2+ 48. Kg1 Qd1+ 49. Kg2 Qc2+ 50. Qf2 Qxb3 51. Nxf7 Nxf7 52. Qxf7+ Kh6 53.
Qf4+ g5 54. Qf6+ Kh5 55. Qf3+ Qxf3+ 56. Kxf3 Kg6 57. Kg4 Kf6 58. c5 Ke5 59. d6
Ke6 60. Kxg5 b6 61. cxb6 Kxd6 62. Kxh4 Kc6 63. Kg5 Kxb6 64. h4 Ka5 65. h5 Kxa4
66. h6 1-0

[Event "Women's Speed Chess Q8"]
[Site "chess.com INT"]
[Date "2021.06.06"]
[Round "1"]
[White "Komiagina, Maria"]
[Black "Papp, Petra"]
[Result "0-1"]
[WhiteTitle "WIM"]
[BlackTitle "WGM"]
[WhiteElo "2241"]
[BlackElo "2336"]
[WhiteFideId "4153987"]
[BlackFideId "739049"]
[EventDate "2021.06.06"]

1. e4 c6 2. d4 d5 3. e5 c5 4. dxc5 e6 5. Nf3 Bxc5 6. Bd3 Ne7 7. O-O Ng6 8. c3
O-O 9. Qe2 Nc6 10. Re1 b6 11. h3 Bb7 12. a4 a5 13. Na3 d4 14. Nb5 dxc3 15. bxc3
Ncxe5 16. Nxe5 Nxe5 17. Bxh7+ Kxh7 18. Qxe5 Qf6 19. Qh5+ Kg8 20. Be3 Rac8 21.
Re2 Bxe3 22. Rxe3 Rc5 23. Qe2 Rg5 24. f3 Rd8 25. Rd1 Rxd1+ 26. Qxd1 Qg6 27. Qd2
Bd5 28. Nc7 Qf5 29. Nxd5 exd5 30. Re8+ Kh7 31. Kh2 f6 32. Qe3 Qg6 33. Qe2 Rxg2+
34. Qxg2 Qxe8 35. Qd2 Qe5+ 36. Kg2 Kg6 37. Qd3+ Kf7 38. Qb5 Kg6 39. Qxb6 Qxc3
40. Qb5 Qd2+ 41. Kg3 Qe1+ 42. Kg2 Qd2+ 43. Kg3 d4 44. Qe8+ Kh7 45. Qh5+ Qh6 46.
Qd5 Qg6+ 47. Kf2 Qc2+ 48. Kg3 Qg6+ 49. Kf2 d3 50. Ke3 Qh6+ 51. Kxd3 Qxh3 52.
Qe4+ g6 53. Qe7+ Kh6 54. Qxf6 Qf1+ 55. Ke3 Qe1+ 56. Kd3 Qd1+ 57. Ke3 Qxa4 58.
Qf8+ Kg5 59. Qe7+ Kh6 60. Qf8+ Kh5 61. Qh8+ Kg5 62. Qe5+ Kh4 63. Qh8+ Kg5 64.
Qe5+ Kh4 65. Qh8+ Kg3 66. Qe5+ Kg2 67. Qg5+ Kf1 68. Qxg6 Qb3+ 0-1

[Event "Women's Speed Chess Q8"]
[Site "chess.com INT"]
[Date "2021.06.06"]
[Round "2"]
[White "Torres Hernandez, Leslie Carolin"]
[Black "Doluhanova, Evgeniya"]
[Result "0-1"]
[WhiteTitle "WFM"]
[BlackTitle "WGM"]
[WhiteElo "1884"]
[BlackElo "2192"]
[WhiteFideId "8400504"]
[BlackFideId "14112035"]
[EventDate "2021.06.06"]

1. e4 e5 2. Nf3 Nc6 3. Bc4 Bc5 4. O-O Nf6 5. d3 O-O 6. c3 h6 7. Be3 Bxe3 8. fxe3
d5 9. exd5 Nxd5 10. Qe1 Nb6 11. Bb5 e4 12. dxe4 Qe7 13. Nbd2 Bd7 14. Qg3 a6 15.
Bxc6 Bxc6 16. Nd4 Bxe4 17. Nxe4 Qxe4 18. Qxc7 Nd5 19. Qxb7 Rab8 20. Qxa6 Rxb2
21. Nf3 Nxe3 22. Rf2 Rxf2 23. Kxf2 Ng4+ 24. Kg1 Qe3+ 25. Kh1 Nf2+ 26. Kg1 Nh3+
27. Kh1 Qg1+ 0-1

[Event "Women's Speed Chess Q8"]
[Site "chess.com INT"]
[Date "2021.06.06"]
[Round "2"]
[White "Gunina, Valentina"]
[Black "Sliwicka, Alicja"]
[Result "1-0"]
[WhiteTitle "GM"]
[BlackTitle "WIM"]
[WhiteElo "2436"]
[BlackElo "2308"]
[WhiteFideId "4167570"]
[BlackFideId "1150677"]
[EventDate "2021.06.06"]

1. d4 Nf6 2. c4 c5 3. d5 b5 4. Nf3 e6 5. Bg5 h6 6. Bxf6 Qxf6 7. Nbd2 exd5 8.
cxd5 d6 9. e4 a6 10. a4 b4 11. Nc4 Bg4 12. Be2 Be7 13. e5 dxe5 14. Nfxe5 Bxe2
15. Qxe2 O-O 16. O-O Bd6 17. Nxd6 Qxd6 18. Nc4 Qf6 19. Rfe1 Nd7 20. Qe7 Qf5 21.
Ne3 Qd3 22. Qxd7 c4 23. Rad1 Qb3 24. d6 Qxb2 25. Nxc4 Qa2 26. Ne5 Rad8 27. Qc6
b3 28. d7 b2 29. Qc2 Rb8 30. Rb1 Rfd8 31. Nc6 1-0

[Event "Women's Speed Chess Q8"]
[Site "chess.com INT"]
[Date "2021.06.06"]
[Round "2"]
[White "Nikolova, Adriana"]
[Black "Eswaran, Ashritha"]
[Result "1/2-1/2"]
[WhiteTitle "WGM"]
[BlackTitle "WIM"]
[WhiteElo "2243"]
[BlackElo "2244"]
[WhiteFideId "2908689"]
[BlackFideId "2080788"]
[EventDate "2021.06.06"]

1. e4 c5 2. Nf3 d6 3. d4 cxd4 4. Nxd4 Nf6 5. Nc3 g6 6. Be3 Bg7 7. f3 Nc6 8. Qd2
O-O 9. Bc4 Bd7 10. Bb3 Ne5 11. O-O-O Rc8 12. h4 h5 13. g4 hxg4 14. h5 Nxh5 15.
Rxh5 gxh5 16. Rh1 Qa5 17. Kb1 Nxf3 18. Nxf3 Rxc3 19. Bd4 Bxd4 20. Nxd4 Rc5 21.
Qh6 Re5 22. Qg6+ Kh8 23. Qh6+ Kg8 24. Qg6+ Kh8 25. Qh6+ Kg8 1/2-1/2

[Event "Women's Speed Chess Q8"]
[Site "chess.com INT"]
[Date "2021.06.06"]
[Round "2"]
[White "Yu, Jennifer"]
[Black "Gaponenko, Inna"]
[Result "1-0"]
[WhiteTitle "FM"]
[BlackTitle "IM"]
[WhiteElo "2316"]
[BlackElo "2357"]
[WhiteFideId "2078341"]
[BlackFideId "14101181"]
[EventDate "2021.06.06"]

1. c4 g6 2. Nc3 Bg7 3. g3 c5 4. Bg2 Nc6 5. e4 Nf6 6. Nge2 O-O 7. O-O d6 8. d3
Ne8 9. Be3 Nd4 10. f4 Nc7 11. Bxd4 cxd4 12. Nd5 e6 13. Nxc7 Qxc7 14. b4 a6 15.
Rc1 Rb8 16. Qd2 Qe7 17. c5 dxc5 18. Rxc5 b6 19. Rc4 Bb7 20. Rfc1 Rbc8 21. e5
Rxc4 22. Rxc4 Bxg2 23. Kxg2 f6 24. exf6 Bxf6 25. Nxd4 b5 26. Nc6 Qb7 27. Rc2 Rc8
28. Qc1 Kg7 29. Kh3 Qe7 30. Nxe7 1-0

[Event "Women's Speed Chess Q8"]
[Site "chess.com INT"]
[Date "2021.06.06"]
[Round "2"]
[White "Matveeva, Olga"]
[Black "Tokhirjonova, Gulrukhbegim"]
[Result "0-1"]
[WhiteTitle "WIM"]
[BlackTitle "WGM"]
[WhiteElo "2145"]
[BlackElo "2344"]
[WhiteFideId "24107018"]
[BlackFideId "14203626"]
[EventDate "2021.06.06"]

1. d4 Nf6 2. c4 e6 3. g3 d5 4. Nf3 dxc4 5. Bg2 a6 6. O-O Nc6 7. e3 Bd6 8. Nfd2
Bd7 9. Nxc4 O-O 10. Nc3 Qe7 11. b3 Rad8 12. Bb2 Rfe8 13. Qe2 e5 14. Nxd6 cxd6
15. dxe5 dxe5 16. Rfd1 e4 17. h3 Nb4 18. Rac1 Nd3 19. Rc2 Bc6 20. Na4 h6 21.
Bxf6 Qxf6 22. Nc5 Bb5 23. Nxe4 Qg6 24. Qd2 Rxe4 25. Bxe4 Qxe4 26. a4 Bc6 27.
Rxc6 bxc6 28. Qa5 Rd5 29. Qc7 Nf4 0-1

[Event "Women's Speed Chess Q8"]
[Site "chess.com INT"]
[Date "2021.06.06"]
[Round "2"]
[White "Nandhidhaa, P V"]
[Black "Corrales Jimenez, Zenia"]
[Result "1-0"]
[WhiteTitle "WGM"]
[BlackTitle "WIM"]
[WhiteElo "2365"]
[BlackElo "2189"]
[WhiteFideId "5050847"]
[BlackFideId "3506355"]
[EventDate "2021.06.06"]

1. e4 c5 2. c3 Nf6 3. e5 Nd5 4. Nf3 Nc6 5. d4 cxd4 6. cxd4 e6 7. Bc4 d6 8. O-O
Be7 9. Qe2 O-O 10. Rd1 b6 11. Nc3 Nxc3 12. bxc3 Bb7 13. Bd3 Na5 14. Bc2 g6 15.
Bh6 Re8 16. exd6 Qxd6 17. Ne5 Bf6 18. Bf4 Qd5 19. f3 Bxe5 20. Bxe5 Rac8 21. Ba4
Bc6 22. Bb3 Nxb3 23. axb3 Qxb3 24. Qe3 Rf8 25. Bf6 Qc2 26. Qh6 1-0

[Event "Women's Speed Chess Q8"]
[Site "chess.com INT"]
[Date "2021.06.06"]
[Round "2"]
[White "Pavlidou, Ekaterini"]
[Black "Eswaran, Aksithi"]
[Result "1-0"]
[WhiteTitle "WIM"]
[BlackTitle "WCM"]
[WhiteElo "2157"]
[BlackElo "1745"]
[WhiteFideId "4213262"]
[BlackFideId "2083485"]
[EventDate "2021.06.06"]

1. d4 d5 2. c4 c6 3. Nf3 Nf6 4. g3 e6 5. Bg2 Be7 6. O-O O-O 7. Nbd2 dxc4 8. Nxc4
b5 9. Nce5 Bb7 10. Bg5 h6 11. Bf4 Nd5 12. Rc1 Nxf4 13. gxf4 Bd6 14. Nd3 Nd7 15.
e4 Rc8 16. e5 Be7 17. Nd2 Ba8 18. Nb3 Nb6 19. Ndc5 Nc4 20. Qe2 a5 21. Rxc4 bxc4
22. Qxc4 Bxc5 23. Nxc5 Qc7 24. b3 Rfd8 25. Rc1 Qb6 26. a3 Rb8 27. Be4 Bb7 28.
Bb1 Qb5 29. Qc2 g6 30. Qe4 Rd5 31. h4 Re8 32. h5 Red8 33. hxg6 Rxd4 34. gxf7+
Kxf7 35. Qh7+ Ke8 36. Bg6+ Kf8 37. Nxe6# 1-0